[Event "Varde Weekend Grp2"]
[Site "Varde"]
[Date "2018.05.06"]
[Round "5"]
[White "Kristensen, Niels Aage"]
[Black "Knudsen, Kent"]
[Result "1-0"]
[WhiteElo "1561"]
[BlackElo "1135"]
[PlyCount "48"]
[EventDate "2018.05.04"]
[EventType "tourn"]
[EventRounds "5"]
[EventCountry "DEN"]
[SourceTitle "EXT 2023"]
[Source "ChessBase"]
[SourceDate "2022.10.05"]
[SourceVersion "1"]
[SourceVersionDate "2022.10.05"]
[SourceQuality "1"]

1. d4 d5 2. Nf3 Nc6 3. Bf4 Nf6 4. e3 Bg4 5. Be2 e6 6. Nbd2 Bd6 7. Bg3 Qe7 8. Ne5 Bxe5 9. dxe5 Bf5 10. exf6 Qxf6 11. c3 Rc8 12. Nf3 0-0 13. 0-0 Rfd8 14. Bh4 Qg6 15. Bxd8 Rxd8 16. Nh4 Qf6 17. Nxf5 Qxf5 18. Bd3 Qe5 19. Qg4 f5 20. Qg3 b6 21. f4 Qf6 22. Rf3 e5 23. fxe5 Nxe5 24. Rxf5 Qg6 1-0

[Event "Varde Weekend Grp2"]
[Site "Varde"]
[Date "2018.05.05"]
[Round "3"]
[White "Jensen, Preben Hojmark"]
[Black "Kristensen, Niels Aage"]
[Result "0-1"]
[WhiteElo "1453"]
[BlackElo "1561"]
[PlyCount "67"]
[EventDate "2018.05.04"]
[EventType "tourn"]
[EventRounds "5"]
[EventCountry "DEN"]
[SourceTitle "EXT 2023"]
[Source "ChessBase"]
[SourceDate "2022.10.05"]
[SourceVersion "1"]
[SourceVersionDate "2022.10.05"]
[SourceQuality "1"]

1. c4 e5 2. g3 Nf6 3. Bg2 Bc5 4. e3 c6 5. Nc3 d5 6. b3 d4 7. Ne4 Nxe4 8. Bxe4 dxe3 9. fxe3 Nd7 10. Ne2 Nf6 11. Bg2 Bg4 12. 0-0 0-0 13. Qe1 Qd3 14. Nc3 Rad8 15. Rf2 Qg6 16. a3 a5 17. Na4 Ba7 18. c5 Rd3 19. b4 axb4 20. axb4 Ne4 21. Nc3 Nxc3 22. dxc3 Rd1 23. Qxd1 Bxd1 24. Rxa7 Rb8 25. Bd2 Bb3 26. c4 Qe6 27. b5 cxb5 28. cxb5 Qe8 29. b6 Bd5 30. Bb4 Ra8 31. Bxd5 Qb8 32. c6 bxc6 33. Bd6 Qd8 34. Bxc6 0-1

[Event "Varde Weekend Grp2"]
[Site "Varde"]
[Date "2018.05.04"]
[Round "1"]
[White "Medhus, Vitus Bondo"]
[Black "Kristensen, Niels Aage"]
[Result "1-0"]
[WhiteElo "1440"]
[BlackElo "1561"]
[PlyCount "41"]
[EventDate "2018.05.04"]
[EventType "tourn"]
[EventRounds "5"]
[EventCountry "DEN"]
[SourceTitle "EXT 2023"]
[Source "ChessBase"]
[SourceDate "2022.10.05"]
[SourceVersion "1"]
[SourceVersionDate "2022.10.05"]
[SourceQuality "1"]

1. e4 d5 2. exd5 Nf6 3. Bc4 c6 4. dxc6 Nxc6 5. d4 Nxd4 6. Ne2 e5 7. Be3 Bg4 8. Bxd4 Bxe2 9. Qxe2 Qxd4 10. c3 Qc5 11. 0-0 Bd6 12. Bb5+ Ke7 13. b4 Qc7 14. f4 Rhe8 15. Re1 Kf8 16. Bxe8 Rxe8 17. Na3 exf4 18. Qc4 Qb6+ 19. Qd4 Rxe1+ 20. Rxe1 Qc7 21. Nb5 1-0

[Event "DEN-ch Kort 1-2"]
[Site "Svendborg"]
[Date "2018.03.24"]
[Round "1"]
[White "Kristensen, Niels Aage"]
[Black "Aggerbeck Lauritzen, Nikolaj"]
[Result "0-1"]
[WhiteElo "1564"]
[BlackElo "1162"]
[PlyCount "74"]
[EventDate "2018.03.24"]
[EventType "swiss"]
[EventRounds "5"]
[EventCountry "DEN"]
[SourceTitle "EXT 2023"]
[Source "ChessBase"]
[SourceDate "2022.10.05"]
[SourceVersion "1"]
[SourceVersionDate "2022.10.05"]
[SourceQuality "1"]

1. e4 c6 2. Nf3 d5 3. exd5 cxd5 4. d4 Nf6 5. Nc3 e6 6. Bd3 h6 7. 0-0 Bd6 8. Re1 0-0 9. Ne5 Nc6 10. Nxc6 bxc6 11. Ne2 Qc7 12. Ng3 e5 13. Bf5 e4 14. Bxc8 Raxc8 15. c3 Kh7 16. Re3 Rh8 17. f3 Bf4 18. Qc2 Bxe3+ 19. Bxe3 Kg8 20. fxe4 dxe4 21. Qe2 h5 22. Rf1 Nd5 23. Nxe4 Nxe3 24. Qxe3 Rh6 25. Qg5 Qd8 26. Qf5 Rc7 27. Ng5 Qe7 28. Ne4 Qe6 29. Qg5 Re7 30. Ng3 Rg6 31. Qxh5 Qe3+ 32. Kh1 Qg5 33. Qd1 Rf6 34. Re1 Rxe1+ 35. Qxe1 Re6 36. Qf2 Qc1+ 37. Nf1 Rf6 0-1

[Event "Varde Weekend-C"]
[Site "Varde"]
[Date "2016.05.01"]
[Round "5"]
[White "Callesen, John"]
[Black "Kristensen, Niels Aage"]
[Result "1/2-1/2"]
[WhiteElo "1552"]
[BlackElo "1498"]
[PlyCount "99"]
[EventDate "2016.04.16"]
[EventType "swiss"]
[EventRounds "5"]
[EventCountry "DEN"]
[SourceTitle "EXT 2023"]
[Source "ChessBase"]
[SourceDate "2022.10.05"]
[SourceVersion "1"]
[SourceVersionDate "2022.10.05"]
[SourceQuality "1"]

1. c4 Nf6 2. d4 e6 3. Nf3 d5 4. Nc3 Nbd7 5. e3 c6 6. Bd3 Bb4 7. Qc2 0-0 8. a3 Bxc3+ 9. Qxc3 dxc4 10. Qxc4 Nb6 11. Qc2 Nbd5 12. 0-0 Ne7 13. e4 Ng6 14. Bg5 h6 15. Bd2 Qe8 16. Bb4 Ne7 17. Qc5 Ng6 18. Ne5 Nd7 19. Nxd7 Qxd7 20. e5 Rd8 21. Bxg6 fxg6 22. Qd6 Qe8 23. Qc5 b6 24. Qc4 a5 25. Bd6 Ba6 26. Qc2 Bxf1 27. Rxf1 Rac8 28. Rc1 Qf7 29. Qe4 Qf5 30. Qh4 Rd7 31. Qg3 Rf7 32. h3 Qf4 33. Qe3 Qxe3 34. fxe3 h5 35. e4 Rd7 36. d5 exd5 37. exd5 c5 38. a4 Rcd8 39. b3 Rxd6 40. exd6 Rxd6 41. Rd1 Kf7 42. Kf2 Kf6 43. Ke3 Ke5 44. g4 hxg4 45. hxg4 g5 46. Rf1 g6 47. Rd1 Rxd5 48. Rxd5+ Kxd5 49. Kd3 Ke5 50. Ke3 1/2-1/2

[Event "Varde Weekend-C"]
[Site "Varde"]
[Date "2016.05.01"]
[Round "4"]
[White "Jorgensen, Christian Frost"]
[Black "Kristensen, Niels Aage"]
[Result "0-1"]
[WhiteElo "1340"]
[BlackElo "1498"]
[PlyCount "82"]
[EventDate "2016.04.16"]
[EventType "swiss"]
[EventRounds "5"]
[EventCountry "DEN"]
[SourceTitle "EXT 2023"]
[Source "ChessBase"]
[SourceDate "2022.10.05"]
[SourceVersion "1"]
[SourceVersionDate "2022.10.05"]
[SourceQuality "1"]

1. e4 e5 2. Nf3 Nc6 3. Bb5 Nf6 4. Nc3 a6 5. Bxc6 bxc6 6. d3 d6 7. h3 Be7 8. Bg5 0-0 9. Qd2 Rb8 10. 0-0-0 Be6 11. d4 Nd7 12. Bxe7 Qxe7 13. d5 cxd5 14. exd5 Bf5 15. g4 Bg6 16. h4 Qf6 17. Rh3 h6 18. h5 Bh7 19. g5 Qf4 20. Qxf4 exf4 21. gxh6 gxh6 22. Rg1+ Kh8 23. Rh4 Nf6 24. Rgh1 Rb4 25. a3 Rc4 26. Nd2 Rd4 27. Nb3 Rc4 28. Rd1 Rg8 29. f3 Rg2 30. Rd2 Rg1+ 31. Rd1 Rxd1+ 32. Kxd1 Nxd5 33. Nxd5 Bxc2+ 34. Ke2 Bxb3 35. Nxf4 Rc2+ 36. Kd3 Rxb2 37. Kc3 Rb1 38. Nd3 Be6 39. Ra4 Rb3+ 40. Kd4 Rb6 41. Nb4 c5+ 0-1

[Event "Varde Weekend-C"]
[Site "Varde"]
[Date "2016.04.30"]
[Round "3"]
[White "Kristensen, Niels Aage"]
[Black "Ehlers, Kjeld"]
[Result "1-0"]
[WhiteElo "1498"]
[BlackElo "1435"]
[PlyCount "99"]
[EventDate "2016.04.16"]
[EventType "swiss"]
[EventRounds "5"]
[EventCountry "DEN"]
[SourceTitle "EXT 2023"]
[Source "ChessBase"]
[SourceDate "2022.10.05"]
[SourceVersion "1"]
[SourceVersionDate "2022.10.05"]
[SourceQuality "1"]

1. e4 c5 2. Nf3 d6 3. Bc4 Nf6 4. Nc3 a6 5. 0-0 e6 6. a4 Be7 7. d4 cxd4 8. Nxd4 0-0 9. Be3 Qc7 10. Qe2 Nxe4 11. Nxe4 d5 12. Bxd5 exd5 13. Ng3 Nc6 14. c3 Bf6 15. Rac1 Nxd4 16. cxd4 Qd6 17. Nh5 Re8 18. Qf3 Be7 19. Bf4 Qg6 20. Be5 Bg4 21. Nf4 Bxf3 22. Nxg6 hxg6 23. gxf3 Rac8 24. Rfe1 Bf6 25. Bxf6 gxf6 26. Rxe8+ Rxe8 27. Kf1 Re7 28. Rc5 Rd7 29. b4 f5 30. b5 axb5 31. axb5 Kf8 32. b6 Rd6 33. Rc8+ Ke7 34. Rc7+ Rd7 35. Rc5 Ke6 36. Ke2 Rd6 37. Rb5 g5 38. f4 f6 39. Rb3 Kd7 40. h3 Re6+ 41. Re3 Rxe3+ 42. Kxe3 Kc6 43. fxg5 fxg5 44. f4 g4 45. h4 g3 46. Kf3 g2 47. Kxg2 Kd6 48. Kh3 Ke7 49. h5 Kf6 50. Kh4 1-0

[Event "Varde Weekend-C"]
[Site "Varde"]
[Date "2016.04.29"]
[Round "1"]
[White "Petersen, Albert Emil Lyng"]
[Black "Kristensen, Niels Aage"]
[Result "1-0"]
[WhiteElo "1617"]
[BlackElo "1498"]
[PlyCount "73"]
[EventDate "2016.04.16"]
[EventType "swiss"]
[EventRounds "5"]
[EventCountry "DEN"]
[SourceTitle "EXT 2023"]
[Source "ChessBase"]
[SourceDate "2022.10.05"]
[SourceVersion "1"]
[SourceVersionDate "2022.10.05"]
[SourceQuality "1"]

1. e4 e5 2. Nf3 Nc6 3. Bc4 h6 4. 0-0 Bc5 5. c3 Nf6 6. d4 exd4 7. cxd4 Bb6 8. Nc3 d6 9. Be3 Bg4 10. Be2 Ba5 11. d5 Bxf3 12. Bxf3 Ne5 13. Qa4+ Qd7 14. Qxa5 Nxf3+ 15. gxf3 Ng4 16. Qb5 c6 17. dxc6 bxc6 18. Qf5 Qxf5 19. exf5 Ne5 20. Kg2 Kd7 21. Rad1 f6 22. Bc5 d5 23. Rfe1 g5 24. Bd4 Kd6 25. Bxe5+ fxe5 26. Ne4+ Ke7 27. Ng3 Kf6 28. Rc1 Rac8 29. Rc2 Rh7 30. Rec1 Rhc7 31. Rc5 h5 32. Nxh5+ Kxf5 33. Ng3+ Kf4 34. R5c4+ e4 35. Ra4 Re8 36. fxe4 dxe4 37. Rc5 1-0

[Event "DEN-ch G5-1"]
[Site "Svendborg"]
[Date "2016.03.21"]
[Round "3"]
[White "Kristensen, Niels Aage"]
[Black "Ottesen, Soren Rud"]
[Result "1-0"]
[WhiteElo "1604"]
[BlackElo "1725"]
[PlyCount "141"]
[EventDate "2016.03.19"]
[EventType "swiss"]
[EventRounds "5"]
[EventCountry "DEN"]
[SourceTitle "EXT 2023"]
[Source "ChessBase"]
[SourceDate "2022.10.05"]
[SourceVersion "1"]
[SourceVersionDate "2022.10.05"]
[SourceQuality "1"]

1. e4 c5 2. Nf3 d6 3. Bc4 e6 4. Nc3 Nf6 5. d4 cxd4 6. Nxd4 a6 7. Bg5 Be7 8. 0-0 Nc6 9. Nf3 b5 10. Bd3 Bb7 11. Ne2 0-0 12. Bd2 Rc8 13. Ng3 Ng4 14. c3 Nge5 15. Nxe5 Nxe5 16. Bc2 Ng6 17. Be3 d5 18. Qe2 Qc7 19. exd5 Bxd5 20. Qh5 Qe5 21. Bxg6 Qxh5 22. Bxh5 g6 23. Be2 f5 24. Nh1 e5 25. Rfd1 Be6 26. f3 f4 27. Bd2 Rfd8 28. Nf2 Rd7 29. Kf1 Rcd8 30. Ne4 Bf5 31. Be1 Rxd1 32. Rxd1 Be6 33. Rxd8+ Bxd8 34. Nc5 Bc8 35. g3 Bb6 36. Bf2 Bh3+ 37. Ke1 fxg3 38. hxg3 Bc8 39. a4 Bxc5 40. Bxc5 bxa4 41. Bc4+ Kg7 42. Ke2 Bb7 43. Ke3 Kf6 44. Bd6 h5 45. b3 axb3 46. Bxb3 g5 47. c4 h4 48. g4 h3 49. Kf2 h2 50. Kg2 Bxf3+ 51. Kxh2 Bxg4 52. c5 e4 53. c6 a5 54. Bc7 Ke7 55. Bxa5 Kd6 56. Ba4 e3 57. Kg3 Bc8 58. Kf3 g4+ 59. Kxe3 Ke5 60. Bc7+ Kd5 61. Kf4 Kc5 62. Be5 Kb6 63. c7 Kc5 64. Bd1 Kc6 65. Bxg4 Bb7 66. Kg5 Ba6 67. Kf6 Kd5 68. Bh2 Kc6 69. Ke7 Kb6 70. Kd8 Kc6 71. Bc8 1-0

[Event "DEN-ch G5-1"]
[Site "Svendborg"]
[Date "2016.03.20"]
[Round "2"]
[White "Henriksen, Ole"]
[Black "Kristensen, Niels Aage"]
[Result "1-0"]
[WhiteElo "1603"]
[BlackElo "1604"]
[PlyCount "113"]
[EventDate "2016.03.19"]
[EventType "swiss"]
[EventRounds "5"]
[EventCountry "DEN"]
[SourceTitle "EXT 2023"]
[Source "ChessBase"]
[SourceDate "2022.10.05"]
[SourceVersion "1"]
[SourceVersionDate "2022.10.05"]
[SourceQuality "1"]

1. d4 d5 2. c4 c6 3. Nc3 Nf6 4. Nf3 Bg4 5. e3 Nbd7 6. Be2 e6 7. 0-0 Bb4 8. a3 Be7 9. b3 Rc8 10. Bb2 0-0 11. Rc1 Ne4 12. cxd5 Nxc3 13. Rxc3 exd5 14. Nd2 Bxe2 15. Qxe2 Nf6 16. Qf3 Re8 17. Re1 Ne4 18. Nxe4 dxe4 19. Qg4 Bf6 20. Qe2 a6 21. Rec1 Qd5 22. Qc4 Qf5 23. R3c2 h6 24. Qe2 Qe6 25. Qc4 Qd7 26. Qe2 Qe6 27. Rc3 Red8 28. Qc4 Rd5 29. Qe2 Rg5 30. g3 Be7 31. Kh1 h5 32. Rg1 Bd6 33. f4 exf3 34. Qxf3 Rf5 35. Qg2 Re8 36. Bc1 Qf6 37. Rc2 Qd8 38. e4 Ra5 39. b4 Rb5 40. e5 Bxe5 41. dxe5 Rbxe5 42. Bf4 Re1 43. Qf3 Rxg1+ 44. Kxg1 Qd4+ 45. Kg2 Re1 46. Rf2 g6 47. Be3 Qg7 48. Rd2 Qf8 49. Kf2 Rc1 50. Qf6 Kh7 51. Rd8 Rc2+ 52. Kf3 Qg7 53. Qxg7+ Kxg7 54. h4 Rc3 55. Kf4 Rc4+ 56. Bd4+ Kh6 57. Rh8# 1-0

[Event "Bornholms Sommer B3"]
[Site "Ronne"]
[Date "2011.07.09"]
[Round "2"]
[White "Nielsen, Jonas Burgel Sindal"]
[Black "Kristensen, Niels Aage"]
[Result "1/2-1/2"]
[WhiteElo "1175"]
[BlackElo "1270"]
[PlyCount "86"]
[EventDate "2011.07.08"]
[EventType "tourn"]
[EventRounds "5"]
[EventCountry "DEN"]
[SourceTitle "EXT 2023"]
[Source "ChessBase"]
[SourceDate "2022.10.05"]
[SourceVersion "1"]
[SourceVersionDate "2022.10.05"]
[SourceQuality "1"]

1. d4 f5 2. c4 Nf6 3. Nc3 e6 4. Bg5 h6 5. Bh4 g5 6. Bg3 f4 7. Bxf4 gxf4 8. Nf3 d6 9. Qc2 Rg8 10. g3 fxg3 11. hxg3 Bd7 12. Bg2 Qe7 13. Nh4 Qh7 14. Qxh7 Nxh7 15. Bxb7 Nc6 16. Bxa8 Nxd4 17. 0-0-0 Bg7 18. e3 Nf5 19. Nxf5 exf5 20. Bd5 Rf8 21. Bg2 Nf6 22. Nb5 Bxb5 23. cxb5 Ne4 24. Bxe4 fxe4 25. Rhf1 Rf5 26. a4 Rc5+ 27. Kb1 Rc4 28. Rc1 Rb4 29. Rxc7 Bxb2 30. Rc2 Be5+ 31. Ka2 a5 32. Ka3 d5 33. Rc6 Kd7 34. Ra6 Bd6 35. Ka2 Rxa4+ 36. Kb3 Rb4+ 37. Kc3 Be5+ 38. Kc2 Rb2+ 39. Kd1 Rb1+ 40. Ke2 Rb2+ 41. Kd1 Rb1+ 42. Ke2 Rb2+ 43. Ke1 Rb1+ 1/2-1/2

[Event "Bornholms Sommer B3"]
[Site "Ronne"]
[Date "2011.07.08"]
[Round "1"]
[White "Kristensen, Niels Aage"]
[Black "Ambirk, Jan Robert"]
[Result "0-1"]
[WhiteElo "1270"]
[BlackElo "1516"]
[PlyCount "52"]
[EventDate "2011.07.08"]
[EventType "tourn"]
[EventRounds "5"]
[EventCountry "DEN"]
[SourceTitle "EXT 2023"]
[Source "ChessBase"]
[SourceDate "2022.10.05"]
[SourceVersion "1"]
[SourceVersionDate "2022.10.05"]
[SourceQuality "1"]

1. e4 e5 2. Nf3 Nc6 3. Bc4 Nf6 4. Nc3 Bb4 5. 0-0 d6 6. Re1 Bg4 7. h3 Bh5 8. Nd5 Qd7 9. c3 Ba5 10. Ne3 Nxe4 11. g4 Bg6 12. Nd5 Nf6 13. Nf4 0-0-0 14. Nxg6 hxg6 15. Ng5 d5 16. Bb5 Rde8 17. Bxc6 bxc6 18. d3 Ng8 19. Qf3 f6 20. b4 Bb6 21. a4 a6 22. Qe2 fxg5 23. d4 Rxh3 24. Qxa6+ Kb8 25. Qe2 e4 26. Be3 Qd6 0-1